| 000 | 00639nam a2200241Ia 4500 | ||
|---|---|---|---|
| 003 | OSt | ||
| 005 | 20220918180844.0 | ||
| 006 | a|||||r|||| 00| 0 | ||
| 007 | ta | ||
| 008 | 220917b |||||||| |||| 00| 0 eng d | ||
| 024 | _a24,444 | ||
| 037 | _cTextual | ||
| 040 |
_aARTS _cARTS _beng |
||
| 041 |
_2eng _aeng |
||
| 082 | _aO111,2:gN, K2 | ||
| 100 |
_aNicoll Allardyce _923757 |
||
| 245 | 0 | _aTheatre and dramatic theory | |
| 260 |
_aLondon _bgeorge G. Harrap UK _c1962 |
||
| 300 |
_a221p. _ccm. |
||
| 650 | _aENGLISH LITERATURE | ||
| 942 |
_hO111,2:gN, K2 _cTEXL _2CC |
||
| 999 |
_c163412 _d163412 |
||